Générique Flo et les Robinson suisses - Paroles - Statistiques

Statistiques générales
  • Ce quiz a été pris 7 fois
  • Le résultat moyen est 19 sur 26
Statistiques - réponses
Paroles % Correct
Avec moi et mes {frères}
100%
Joue les {Robinson}
100%
Mon père et ma {mère}
100%
Pour changer leur {vie}
100%
Quand on a quelqu'un qui vous {aime}
100%
Robinson, {Robinson}
100%
Robinson, {Robinson}
100%
S'est fâchée pour de {bon}
100%
C'est là que nous ferons notre {maison}
86%
Et la {famille} entière
86%
La mer en {colère}
86%
On a trouvé une {île}
86%
Robinson, {Robinson}
86%
Ont quitté leur {pays}
71%
Quand on a quelqu'un qui vous {aime}
71%
{Robinson}
71%
Robinson, Robinson, {Robinson}
71%
Comme tous les {Robinson}
57%
Comme tous les {Robinson}
57%
Comme tous les {Robinson}
57%
Comme tous les {Robinson}
57%
{Robinson}
57%
Comme tous les {Robinson}
43%
On peut toujours sortir de ses {problèmes}
43%
On peut toujours sortir de ses {problèmes}
29%
On peut toujours sortir de ses {problèmes}
29%
Aucun quiz correspondant
Distribution des résultats
% des personnes avec chaque résultat
Percentile par nombre de réponses
Votre historique - résultats
Vous n’avez pas pris ce quiz